000 00888nam a2200241Ia 4500
005 20170802140150.0
010 _aBAC-CH25
020 _a9788129129383
_c295.00
035 _aG-002946
035 _aB-551043-069
035 _aB-667184
037 _bAakar/Ven
_adpl
082 _aS
100 _aO'Brien, Derek
245 _aDerek introduces 100 iconic Indians/
_cby Derek O'Brien
260 _aNew Delhi
_bRed Turtle Rupa
_c2014
270 _a7/16, Ansari Road, Daryaganj
_bNew Delhi
_e110002
300 _a341p.
_c19cm(pbk)
942 _cCH
_2ddc
_mOBR
_hS
999 _c85580
_d85580